Language Quiz

Random Language or Bible Quiz
Score 0/15 Timer 03:00
0 Plays Today
% Correct
Acts
94%
Exodus
93.6%
Kings
93.5%
Psalms
92.5%
Lamentations
92.4%
Revelation
92.2%
Genesis
90.9%
Judges
90.5%
% Correct
Chronicles
90.1%
Job
89.5%
John
88.1%
Proverbs
86.1%
Peter
79.8%
Mark
75.2%
Numbers
67.4%
Remove Ads.
Support Sporcle.
Get the best of Sporcle when you Go Orange. This ad-free experience offers more features, more stats, and more fun while also helping to support Sporcle. Thank you for becoming a member.

You're not logged in!

Compare scores with friends on all Sporcle quizzes.
OR
Log In

Show Comments

Extras

Top Quizzes Today


Score Distribution

Your Account Isn't Verified!

In order to create a playlist on Sporcle, you need to verify the email address you used during registration. Go to your Sporcle Settings to finish the process.

Report this User

Report this user for behavior that violates our Community Guidelines.

Details: